000 01145nam a2200265 a 4500
999 _c447929
_d447929
003 BLK
005 20230628131610.0
008 180410b bul|||||r ||||||| ||bul||
040 _aBLK
041 _aBUL
_cBUL
080 _aДраматични театри. Театри за драма и комедия. Вж и 82-2
_b792.2
_x(497.215)(062)
_z792.2(497.215)(062)
110 _9471280
_aДраматичен театър "Сава Огнянов" - Русе
139 _bД 87
245 1 0 _aИванко, убиецът на Асена
_bПостановка по Васил Друмев
_h[Малотир. изд.]
260 _aРусе
_bб. и.
_c1980
_9219538
300 _a22 с.
_c21 см
380 _a7
500 _aПостановка Душко Добрев. - Тържествена премиера на 20 дек., в операта.
653 7 _9185505
_aДраматичен театър "Сава Огнянов"
653 7 _9197100
_aспектакли
653 7 _9198059
_aтеатрални постановки
852 _bК
_cК 792/Д 87
942 _cKNG
_n0
_s1
_01
944 _aCR
_c2022-03-09
_kВ. т.